Visión de paralaje

Kaydedildi:
Detaylı Bibliyografya
Yazar: Zizek, Slavoj (Yazar)
Diğer Yazarlar: Mayer, Marcos (traductor)
Materyal Türü: Kitap
Dil:İspanyolca
Baskı/Yayın Bilgisi: Buenos Aires Fondo de Cultura Económica 2006
Edisyon:1a. ed
Seri Bilgileri:Colección Filosofía
Konular:
Etiketler: Etiketle
Etiket eklenmemiş, İlk siz ekleyin!

MARC

LEADER 00000cam a2200000 a 4500
001 UCI1433
003 CL-VaPUC
005 20240314123306.0
008 070629e20060000AG |||||||||||||||||spa|d
999 |c 326255  |d 326253 
020 |a 9505576749 
040 |c Pontificia Universidad Católica de Valparaíso 
082 0 4 |a 146.3  |b ZIZ  |2 21 
100 0 |a Zizek, Slavoj  |e author  |9 521943 
245 1 0 |a Visión de paralaje 
250 |a 1a. ed 
260 |a Buenos Aires  |b Fondo de Cultura Económica  |c 2006 
300 |a 473 p 
490 0 |a Colección Filosofía 
583 |a last modification  |c 20180102 04:10:09  |k Rodrigo Vera 
650 0 |a Filosofía   |9 223554 
650 0 |a Materialismo  |9 265687 
700 1 |a Mayer, Marcos  |e traductor  |9 864395 
942 |c BK  |2 ddc 
945 |d 20070629 00:00:00  |a jtorresc 
952 |0 0  |1 0  |3 erb  |4 0  |6 146_300000000000000_ZIZ_2006  |7 0  |8 R  |9 408066  |a BIBEDU  |b BIBEDU  |c MCIRC  |i 5377064  |o 146.3 ZIZ 2006  |p 5377064  |r 2023-01-13  |w 2019-11-22  |y BK_R  |z Catalogado en:20170519  |k FIL